Patrimonio construido en madera : manual para su valoración e intervención /

Bibliographic Details
Other Authors: Schmitt Rivera, Cristian (Editor)
Format: Electronic eBook
Language:Spanish
Published: Santiago, Chile : Ediciones UC, [2023]
Series:Colección Textos universitarios (Ediciones Universidad Católica de Chile)
Subjects:
Online Access:Digitalia Hispánica

MARC

LEADER 00000nam a2200000Ii 4500
001 DIGUCCH0129
003 NyNyDIG
006 m o d
007 cr |||||||||||
008 250202s2023 cl a ob 000 0 spa d
035 |a (OCoLC)1500527434 
040 |a DGITA  |b eng  |e rda  |e pn  |c DGITA 
020 |a 9789561431799  |q digital 
020 |z 9789561431782 
043 |a s-cl--- 
050 1 4 |a NA7230.C67 ebook 
245 0 0 |a Patrimonio construido en madera :  |b manual para su valoración e intervención /  |c Cristian Schmitt Rivera (editor). 
264 1 |a Santiago, Chile :  |b Ediciones UC,  |c [2023] 
300 |a 1 online resource :  |b illustrations. 
336 |a text  |b txt  |2 rdacontent 
337 |a computer  |b c  |2 rdamedia 
338 |a online resource  |b cr  |2 rdacarrier 
347 |a text file  |2 rdaft 
347 |b EPUB 
490 1 |a Textos universitarios 
504 |a Includes bibliographical references. 
588 0 |a Online resource; title from ePub title page (Digitalia, viewed February 2, 2025) 
650 0 |a Historic buildings  |x Conservation and restoration  |z Chile. 
650 0 |a Building, Wooden  |z Chile. 
700 1 |a Schmitt Rivera, Cristian,  |e editor. 
776 0 8 |i Print version:  |t Patrimonio construido en madera.  |d Santiago, Chile : Ediciones UC, [2023]  |z 9789561431782 
791 2 |a Digitalia (Firm),  |e distributor. 
793 0 |g Digitalia eBook Collection:  |a Ediciones Universidad Católica de Chile 
830 0 |a Colección Textos universitarios (Ediciones Universidad Católica de Chile) 
856 4 0 |3 Digitalia Hispánica  |u https://www.digitaliapublishing.com/a/163036/ 
910 |a Premium collection: 2025